000 00576nam a2200169Ia 4500
005 20250423095723.0
008 250422s9999 xx 000 0 und d
020 _a9780821366868
050 _aHC 59.72.C3 .I54/
245 0 _aInfrastructure at the crossroads : lessons from 20 years of World Bank experience.
260 _aWashington, D.C.
260 _bWorld Bank
260 _c2006
300 _a141 p
650 _aWorld Bank--Developing countries. Infrastructure (Economics)--Developing countries. Economic development projects--Developing countries.
942 _cBK
999 _c31129
_d31129